Is capitalism sustainable? : political economy and the politics of ecology /

Bibliographic Details
Other Authors: O'Connor, Martin
Format: Book
Language:English
Published: New York : Guilford Press, [1994]
Series:Democracy and ecology.
Subjects:

MARC

Tag First Indicator Second Indicator Subfields
LEADER 00000cam a2200000 a 4500
001 in00001222708
005 20151003052935.0
008 940316s1994 nyu b 001 0 eng
010 |a  94011689  
020 |a 0898621275 (acid-free paper) 
020 |a 0898625947 (pbk.) 
035 |a (OCoLC)30110844 
035 |9 AGR7627AM 
040 |a DLC  |c DLC  |d UtOrBLW 
049 |a TXAM 
050 0 0 |a HD75.6  |b .I82 1994 
082 0 0 |a 363.7  |2 20 
245 0 0 |a Is capitalism sustainable? :  |b political economy and the politics of ecology /  |c edited by Martin O'Connor. 
264 1 |a New York :  |b Guilford Press,  |c [1994] 
264 4 |c ©1994 
300 |a xiv, 283 pages ;  |c 24 cm. 
336 |a text  |b txt  |2 rdacontent 
337 |a unmediated  |b n  |2 rdamedia 
338 |a volume  |b nc  |2 rdacarrier 
490 1 |a Democracy and ecology 
504 |a Includes bibliographical references and index. 
650 0 |a Economic development  |x Environmental aspects. 
650 0 |a Sustainable development. 
650 0 |a Environmental policy. 
700 1 |a O'Connor, Martin. 
830 0 |a Democracy and ecology. 
999 |a MARS 
999 f f |s 5814b8ff-3919-31fb-884d-d15b7cac75fd  |i 31e66d93-3290-3c13-a62e-f5addb939afe  |t 0 
952 f f |p normal  |a Texas A&M University  |b College Station  |c Sterling C. Evans Library  |d Evans: Library Stacks  |t 0  |e HD75.6 .I82 1994  |h Library of Congress classification  |i unmediated -- volume  |m A14819262315 
998 f f |a HD75.6 .I82 1994  |t 0  |l Evans: Library Stacks